000 01906nam a2200325 i 4500
001 000032441
003 DO-SdBNP
005 20240827102247.0
007 ta
008 110718m1927 dr rl 001 0 spa d
040 _aDO-SdBNP
_bspa
_cBNPHU
_erda
082 4 _a348.7293022
_bR426co
_222
110 1 _aRepública Dominicana
_9447
240 0 0 _a[Leyes, etc.]
245 1 0 _aColección de leyes, decretos y resoluciones emanadas de los poderes legislativo y ejecutivo de la República dominicana :
_bcontenie además: el manifiesto o Acta de independencia de la república respecto de la de Haiti; la comunicación entre la autoridad de aquel gobierno en Santo Domingo y la Junta gubernativa provisional instalada en la memorable Puerta del conde; el Acta de capitulación de la misma autoridad en 28 de febrero de 1844; el Acta de independencia de la república respecto de la de España; y las dos exposiciones dirigidas por el gobierno de la revolución restauradora al de s. m. c. en los años de 1863 y 1865. Con un índice cronológico al final de la obra.
250 _aEdición oficial
264 1 _aSanto Domingo :
_bListin Diario,
_c1927.
300 _a23 volumenes ;
_c23 cm.
336 _2rdacontent
_atexto
_btxt
337 _2rdamedia
_asin mediación
_bn
338 _2rdacarrier
_avolumen
_bnc
500 _aIncluye índice cronológico al final de la obra.
500 _aEncuadernado junto:(v.3, e.2-v.4, e.2); (v.5-v.6); (v.7, e.2-v.8); (v.9, e.2-v.10, e.2); (v.11, e.2-v.12, e.2); (v.13, e.2-v.14, e.2); (v.15, e.2-v.16, e.2); (v.17, e.3-v.18); (v.19, e.2-v.20); (v.21, e.3-v.22, e.3-v.23, e.3)
500 _aLa biblioteca posee: v.2 , v.3 , v.12, v.13 y v. 20
590 _aInventariado, 2019/BT
650 4 _aDerecho
_zRepública Dominicana
_935307
651 4 _aRepública Dominicana
_xLegislación
_910538
910 _aValidado. Control de calidad. MFF
942 _2ddc
_cLBS1
999 _c31932
_d31932